Sete Categorias - História II - Statistics

Estatísticas Gerais
  • Esse quiz foi jogado 67 vezes
  • A pontuação média é 3 de 20
Estatísticas das Respostas
Questão Resposta % Correto
Entre 1808 e 1821, o Rio de Janeiro foi a capital de que território europeu? Portugal
79%
Que rota comercial histórica ligava a China ao Mar Mediterrâneo? Rota da Seda
53%
Nas antigas culturas gaulesas e celtas, como eram conhecidos os sacerdotes que também exerciam funções pedagógicas, médicas, políticas e judiciais? Druidas
25%
Ludwig II, responsável pela construção do famoso castelo de Neuschwanstein, foi rei de que território germânico? Bavaria
18%
Que faraó se encontra representado no templo de Abu Simbel? Ramsés II
18%
Que personagem histórica ficou conhecido como a Praga de Deus? Átila
16%
Que corpo militar de elite foi criado em França por Luís XIII como guarda pessoal em 1622 e existiu até 1815? Mosqueteiros
16%
Na mitologia grega, quem era o deus dos ventos? Aeolus
12%
Que ilha localizada ao largo da costa da Tanzânia foi um importante centro de comércio de especiarias e escravos entre os séculos XIV e XVIII? Zanzibar
11%
Em que país podemos encontrar as ruínas de Mohenjo-Daro? Paquistão
9%
O cometa Halley é retratado na tapeçaria Bayeux, um registo de qual a batalha do século XI em Inglaterra? Batalha de Hastings
7%
Nos séculos XIV e XV, o Império Majapahit cobria o território de que atual país? Indonésia
7%
Tendo ficado com o seu nome associado a tortura, intolerância religiosa e fanatismo, quem foi entre 1483 e 1498 o primeiro Grande Inquisidor do Tribunal do Santo Ofício da Inquisição em Espanha (Castela e Aragão)? Tomás de Torquemada
7%
À semelhança da Europa, como se designou a divisão entre estados comunistas e capitalistas no sudeste asiático durante a Guerra Fria? Cortina de Bambu
4%
Que rei grego deu origem a uma expressão utilizada para se referir a uma vitória obtida a alto preço e que acarreta prejuízos irreparáveis? Pirrus
4%
Como se chama o acordo feito entre a França e o Reino Unido para a divisão do Império Otomano após a sua queda? Acordo de {Sykes-Picot}
2%
Que série de aviões eram especialmente usados pelos japoneses durante a 2ª Guerra Mundial em ataques kamikazes? Aichi
2%
Sarai Batu foi a capital de que território medieval nas margens do rio Volga? Horda Dourada
2%
Como se denomina a ideologia criada por Kim Il-sung e implementada na Coreia do Norte? Joche
2%
Nascido em c. 1372, que teólogo e filósofo checo foi um reformador da igreja e inspirou um movimento pré-Protestante que advogava a liberdade de oração e a supressão dos bens do clero, além de defender a irrelevância da prática de boas obras para a salvação eterna? John Huss
2%
Nenhum quiz correspondente encontrado
Distribuição das Pontuações
Porcentagem de Pessoas com Cada Pontuação
Percentil de Números Respondidos
Sua Pontuação Histórica
Você não jogou esse quiz